Southville International School and Colleges
Your cart is empty.
  • Cart
  • Lists
    Public lists Eva Luna New books Lux_list list_1
    Your lists Log in to create your own lists
  • Log in to your account
  • Your cookies
  • Search history
Southville International School and Colleges
  • Advanced search
  • Recent comments
  • Most popular
  • Libraries

Log in to your account

Log in with GOOGLE


If you do not have an external account, but do have a local account, you can still log in:

  1. Home
  2. MARC view: Media and culture :
Normal view MARC view ISBD view

Media and culture : (Record no. 18200)

[ view plain ]
MARC details
000 -LEADER
fixed length control field 00620nam a22002177a 4500
003 - CONTROL NUMBER IDENTIFIER
control field OSt
005 - DATE AND TIME OF LATEST TRANSACTION
control field 20140310183008.0
008 - FIXED-LENGTH DATA ELEMENTS--GENERAL INFORMATION
fixed length control field 130211t xxu||||| |||| 00| 0 eng d
020 ## - INTERNATIONAL STANDARD BOOK NUMBER
International Standard Book Number 9789712725760
050 ## - LIBRARY OF CONGRESS CALL NUMBER
Classification number P 94.6.P6
Item number .M468a 2011
082 ## - DEWEY DECIMAL CLASSIFICATION NUMBER
Classification number P94.6
Item number .M468a 2011
245 ## - TITLE STATEMENT
Title Media and culture :
Remainder of title global homogeneity and local identity for Asian Congress for Media & Communication /
Statement of responsibility, etc edited by Rachel E. Khan.
260 ## - PUBLICATION, DISTRIBUTION, ETC. (IMPRINT)
Place of publication, distribution, etc Manila :
Name of publisher, distributor, etc Anvil,
Date of publication, distribution, etc 2011.
300 ## - PHYSICAL DESCRIPTION
Extent 192 p. :
Dimensions 23 cm.
521 ## - TARGET AUDIENCE NOTE
Target audience note
650 ## - SUBJECT ADDED ENTRY--TOPICAL TERM
Topical term or geographic name as entry element Media
650 ## - SUBJECT ADDED ENTRY--TOPICAL TERM
Topical term or geographic name as entry element Culture
942 ## - ADDED ENTRY ELEMENTS (KOHA)
Source of classification or shelving scheme Library of Congress Classification
Koha item type Books
Call number prefix Local
Holdings
Withdrawn status Lost status Source of classification or shelving scheme Damaged status Home library Current library Shelving location Date acquired Total Checkouts Full call number Barcode Date last seen Copy number Price effective from Koha item type
    Library of Congress Classification   College Library College Library General Circulation Section 11/29/2011   P 94.65.P6 .M44 2011 C14247 05/15/2018 1 10/18/2013 Books
    Library of Congress Classification   College Library College Library General Circulation Section 11/12/2013   P 94.65.P6 .M44 2011 C13939 05/15/2018 2 11/12/2013 Books

Media and culture :

APA

(2011). Media and culture. Manila: Anvil.

Chicago

2011. Media and culture. Manila: Anvil.

Harvard

(2011). Media and culture. Manila: Anvil.

MLA

Media and culture. Manila: Anvil. 2011.

  • Place hold
  • Print
  • Cite
  • Add to your cart (remove)
  • Save record
    BIBTEX Dublin Core MARCXML MARC (non-Unicode/MARC-8) MARC (Unicode/UTF-8) MARC (Unicode/UTF-8, Standard) MODS (XML) RIS
  • More searches
    Search for this title in:
    Other Libraries (WorldCat) Other Databases (Google Scholar) Online Stores (Bookfinder.com) Open Library (openlibrary.org)

Exporting to Dublin Core...

SOUTHVILLE LIBRARY

Southville International School and Colleges Library

1281 Tropical Ave. Cor. Luxembourg St., BF Homes International, Las Pinas City

Tel. No. 8256374 / 252358 Loc. 117/146

Powered by Koha